| 000 | 00928cam a22003017a 4500 | ||
|---|---|---|---|
| 003 | CHAP | ||
| 005 | 20220329134748.0 | ||
| 008 | 971013s1970 r 00010 d | ||
| 010 | _a25466 | ||
| 011 | _a26438 | ||
| 035 | _a30539 | ||
| 040 | _cCHAP | ||
| 082 |
_a636.4 _bC6 |
||
| 100 | 0 | 0 |
_aConcellón Martínez, Antonio. _926289 |
| 245 | 1 | 3 | _aLa cerda y su camada |
| 260 |
_aBarcelona : _bAedos, _c1970 |
||
| 300 |
_a330 p. _b: ilus. ; láms. ; gráfs. |
||
| 490 | 0 | _aBiblioteca agrícola Aedos | |
| 590 |
_aBATCH-UPD _b10 _c20130110 _lUCH01 _h1501 |
||
| 590 |
_aBATCH-UPD _b10 _c20130410 _lUCH01 _h0923 |
||
| 590 |
_aBATCH-UPD _b10 _c20130914 _lUCH01 _h0616 |
||
| 590 |
_aCONVERSION _b10 _c20130109 _lUCH01 _h1315 |
||
| 650 | 1 | 4 |
_aGanado porcino _xReproducción. _945403 |
| 830 | 0 |
_aBiblioteca agrícola Aedos _912228 |
|
| 901 | _aBK | ||
| 942 | _cLIBRO | ||
| 949 |
_a636.4 C6 _bBC _cLIBRO _d33724000114104 _eLIBRO _h33583 _i30539 _si |
||
| 999 |
_c25466 _d25466 |
||